000 00697cam a2200253 4500500
005 20260405003229.0
041 _afre
042 _adc
100 1 0 _aSorente, Isabelle
_eauthor
245 0 0 _aTrois milliards de miracles
260 _c2021.
500 _a69
690 _aAnimal
690 _aAustralie
690 _aDivinité
690 _aFeu
690 _aImaginaire
690 _aIsabelle Sorente
690 _aMythologie
690 _aRelations
690 _aSpiritualité
786 0 _nPhilosophie magazine | 147 | 3 | 2021-03-01 | p. 34-35 | 1951-1787
856 4 1 _uhttps://shs.cairn.info/magazine-philosophie-magazine-2021-3-page-34?lang=fr&redirect-ssocas=7080
999 _c2065567
_d2065567